00620nam a2200217 a 4500001001300000003000900013005001700022008004100039020002500080082001500105100002000120245005200140260003300192300000900225500003500234505002400269650003300293650002700326650002900353700002000382nice12345678IN_TiNIC20260116013148.0050524s1992 newa grp 000 0 eng  a0883448 c857.500a261.8bCOB aCobb, Jr John B aSustainabilityb Economics, Ecology and Justice aNew YorkbOrbis Books c1992 a130p aincludes index and biblioraphy2 aBibliography, Index aSocial-Problems-christianity aChurch-Social Services aEcology and Christianity1 aCobb, Jr John B